[Event "BCF-chT4S 2324 (4NCL)"]
[Site "England"]
[Date "2024.02.10"]
[Round "5.25"]
[White "Butcher, Nathaniel"]
[Black "Pelling, Kyle"]
[Result "0-1"]
[WhiteElo "1498"]
[BlackElo "2038"]
[PlyCount "82"]
[EventDate "2024.02.11"]
[EventType "team-swiss"]
[EventRounds "11"]
[EventCountry "ENG"]
[SourceTitle "EXT 2025"]
[Source "ChessBase"]
[SourceDate "2024.10.14"]
[SourceVersion "1"]
[SourceVersionDate "2024.10.14"]
[SourceQuality "1"]
[WhiteTeam "Guildford Young Guns"]
[BlackTeam "Average Woodpushers"]
[WhiteTeamCountry "ENG"]
[BlackTeamCountry "ENG"]

1. c4 g6 2. Nc3 Bg7 3. g3 c5 4. Bg2 Nc6 5. Nf3 e6 6. e4 Nge7 7. 0-0 0-0 8. d3 Nd4 9. Bd2 Nec6 10. a3 a6 11. Rb1 Qe7 12. Re1 Rb8 13. a4 d6 14. b3 Nb4 15. Nxd4 Bxd4 16. Qf3 f5 17. Ne2 fxe4 18. Qxe4 Bxf2+ 19. Kh1 Bxe1 20. Rxe1 Bd7 21. Nf4 e5 22. Re2 Bc6 23. Nxg6 Rf1+ 24. Bxf1 Bxe4+ 25. Rxe4 hxg6 26. Rg4 Qf6 27. Be2 Kg7 28. d4 exd4 29. Bxb4 cxb4 30. Kg2 Rf8 31. Rf4 Qe5 32. Rf2 Rxf2+ 33. Kxf2 Qe3+ 34. Kf1 d3 35. Bd1 d2 36. g4 Qe1+ 37. Kg2 Qxd1 38. h4 Qe2+ 39. Kh3 d1Q 40. h5 Qh1+ 41. Kg3 Qef3# 0-1